Ψυχολογία της γυναίκας : η σύγχρονη γυναίκα ανάμεσα στο μύθο και στην πραγματικότητα

Saved in:
Bibliographic Details
Main Author: Rattner, Josef
Other Authors: Βαμβαλής, Γιώργος (Translator)
Format: Book
Language:Greek
German
Published: Αθήνα : Μανιατέας, [1970].
Subjects:
Tags: Add Tag
No Tags, Be the first to tag this record!

MARC

LEADER 00000cam a2200000 i 4500
001 1/85444
008 960701s1970 gr | ||| |||| ||gre||
035 |a 1986  |c Αγορά  |l 10034701 
040 |a GR-MY-UA  |b gre  |e aacr 
041 1 |a gre  |h ger 
082 7 |a 155.633   |2 (22) 
100 1 |a Rattner, Josef. 
245 1 0 |a Ψυχολογία της γυναίκας :   |b η σύγχρονη γυναίκα ανάμεσα στο μύθο και στην πραγματικότητα /   |c Josef Rattner ; μετάφραση: Γιώργου Βαμβαλή.  
260 |a Αθήνα :   |b Μανιατέας,   |c [1970].  
300 |a 157 σ. ;   |c 24 εκ.  
500 |a Τίτλος πρωτοτύπου: Psychologie der frau.  
650 0 0 |a Women  |x Psychology. 
650 0 0 |a Women  |x History. 
650 0 0 |a Women  |x Sexual behaviour. 
650 0 0 |a Women. 
700 1 |a Βαμβαλής, Γιώργος,  |e trl 
852 |a INST  |b RHODES  |e 19960701  |h 155.633 RAT  |p 005400004723  |q 005400004723  |t BK  |y 0 
852 |a INST  |b RHODES  |c AKA  |e 20080630  |h  155.633 RAT  |p 005400029017  |q 005400029017  |t BK  |y 0 
909 |a Ρ  |b 003354 
909 |a Ρ  |b 150508 
970 |z 01-07-1996